| 000 | 00454cam a22001577a 4500 | ||
|---|---|---|---|
| 008 | 180718b2006 xxu||||| |||| 00| 0 eng d | ||
| 020 | _a8180692280 | ||
| 082 | _aO32x54 R137 | ||
| 245 |
_aPsychological perspective of HIV and AIDS _cedited by M. Rajamanickam |
||
| 260 |
_aNew Delhi _bConcept _c2006 |
||
| 300 | _a116p. | ||
| 650 | _aHIV Infections - India | ||
| 650 | _aAIDS (Disease) - India | ||
| 650 | _aAIDS (disease) | ||
| 700 | _aRajamanickam, M. | ||
| 999 |
_c405407 _d405407 |
||